000 00421nam a22001697a 4500
005 20180321103053.0
008 160616b xxu||||| |||| 00| 0 eng d
020 _a81-7829-010-3
041 _aeng
082 _b7958
_a338.001
100 _aSengupta, Nirmal
_9364
245 _aA New Institutional Theory of Production
260 _bSage Publication
_c2001
300 _a266
650 _aManagement
_9241
942 _cBK
999 _c2927
_d2926